LEADER 00981nam a2200265 i 4500 001 000000151082 003 CaOOAMICUS 005 20060621000000.0 008 060621s2003 it u000 u ita u 013 $a128420 020 $a88-459-0546-2 040 $aSeMil$bita 100 1 $aSchnitzler, Arthur <1862-1931>.$0(OLS)http://semarc/name/19372 245 10$aGioco all'alba /$cArthur Schnitzler. 250 $a15. Ed. 260 $aMilano :$bAdelphi,$c2003. 300 $a131 p. ;$c18 cm. 490 0 $aPiccola Biblioteca Adelphi ;$v152 830 0$aPiccola biblioteca Adelphi ;$v152.$0(OLS)http://semarc/title/7074 850 $aSeMil 852 $aSeMil$W1$xVenegono$y1$m1V I 143$j103127$B103127$CSeMilBibl$Z2$F112170 $81 961 $aOmaggio: Ghiringhelli prof. Livio 996 $6020$a88-459-0546-2$9(OLS)http://semarc/number/140591 996 $6245$aGioco all'alba$9(OLS)http://semarc/title/220834 996 $6260$aMilano :$bAdelphi$9(OLS)http://semarc/publisher/30018 LEADER 00835nam a2200193 i 4500 001 000000128549 003 CaOOAMICUS 005 20040727000000.0 008 040727s1958 gw u000 u ger u 013 $a101276 040 $aSeMil$bita 245 10$a[Christliche Urlitteratur] /$cMit einem Vorwort von Kurt Aland. 300 $aLXI, 480 p. 700 1 $aAland, Kurt,$d<1915-1994>.$0(OLS)http://semarc/name/80 773 0 $aHarnack, Adolf : von <1851-1930>$tGeschichte der Altchristlichen Literatur bis Eusebius.$b2. Erweiterte Aufl.$dLeipzig : Hinrichs, 1958.$g1$w()11944 773 0 $tÜberlieferung und der Bestand.$dLeipzig : Hinrichs, 1958.$g1$w()11945 850 $aSeMil 852 $aSeMil$W1$xVenegono$y1$m2S II 79$j82772$B82772$CSeMilBibl$Z2$F85127 $81 996 $6245$a[Christliche Urlitteratur]$9(OLS)http://semarc/title/190038